El ladrón de colores / (Registro nro. 3510)
[ vista simple ]
| 000 -LEADER | |
|---|---|
| fixed length control field | 01002nam a2200277Ia 4500 |
| 003 - CONTROL NUMBER IDENTIFIER | |
| control field | OSt |
| 005 - DATE AND TIME OF LATEST TRANSACTION | |
| control field | 20200603161854.0 |
| 008 - FIXED-LENGTH DATA ELEMENTS--GENERAL INFORMATION | |
| fixed length control field | 191128s9999 xx 000 0 und d |
| 020 ## - INTERNATIONAL STANDARD BOOK NUMBER | |
| International Standard Book Number | 9789587154306 |
| 040 ## - CATALOGING SOURCE | |
| Original cataloging agency | CO-JMCR |
| Transcribing agency | CO-JMCR |
| 082 ## - DEWEY DECIMAL CLASSIFICATION NUMBER | |
| Classification number | C / |
| Item number | STRi |
| 100 ## - MAIN ENTRY--PERSONAL NAME | |
| Personal name | Strada, Annalisa, autora |
| 9 (RLIN) | 4931 |
| 245 #0 - TITLE STATEMENT | |
| Title | El ladrón de colores / |
| 245 #0 - TITLE STATEMENT | |
| Statement of responsibility, etc. | Annalisa Strada ; traducción Luis Alberto González |
| 250 ## - EDITION STATEMENT | |
| Edition statement | Primera edición |
| 260 ## - PUBLICATION, DISTRIBUTION, ETC. | |
| Place of publication, distribution, etc. | Bogotá |
| 260 ## - PUBLICATION, DISTRIBUTION, ETC. | |
| Name of publisher, distributor, etc. | San pablo, |
| 260 ## - PUBLICATION, DISTRIBUTION, ETC. | |
| Date of publication, distribution, etc. | 2010 |
| 300 ## - PHYSICAL DESCRIPTION | |
| Extent | 62 páginas |
| 300 ## - PHYSICAL DESCRIPTION | |
| Other physical details | ilustraciones blanco y negro |
| 300 ## - PHYSICAL DESCRIPTION | |
| Dimensions | 16 cm |
| 520 ## - SUMMARY, ETC. | |
| Summary, etc. | ¡Cómo era de molesto aburrirse. Parecía como si ya no hubiera nada que fuera divertido! ¿ y por qué seria? …Tal vez no deseábamos salir de ese aburrimiento. Como le sucede a quienes son adormecidos por los ladrones: están desmayados y lo escuchan todo, p |
| 650 ## - SUBJECT ADDED ENTRY--TOPICAL TERM | |
| Topical term or geographic name entry element | Cuento |
| 9 (RLIN) | 3530 |
| 700 ## - ADDED ENTRY--PERSONAL NAME | |
| Personal name | González Romero, Luis Alberto, |
| Relator term | traductor |
| 9 (RLIN) | 4932 |
| 942 ## - ADDED ENTRY ELEMENTS (KOHA) | |
| Source of classification or shelving scheme | Dewey Decimal Classification |
| Koha item type | Books |
| Withdrawn status | Lost status | Source of classification or shelving scheme | Damaged status | Not for loan | Collection code | Home library | Current library | Date acquired | Source of acquisition | Cost, normal purchase price | Total Checkouts | Full call number | Barcode | Date last seen | Date last checked out | Copy number | Koha item type |
|---|---|---|---|---|---|---|---|---|---|---|---|---|---|---|---|---|---|
| Dewey Decimal Classification | Fiction | Biblioteca Pública José María del Castillo y Rada | Biblioteca Pública José María del Castillo y Rada | 11/28/2019 | Donación | 0.00 | 8 | C / STRi | 201807364 | 01/22/2026 | 01/22/2026 | Ej.1 | Books |